Fr. Conceicao Rodrigues College of Engineering

Education (Record no. 30829)

MARC details
000 -LEADER
fixed length control field 00303nam a2200145Ia 4500
082 ## - DEWEY DECIMAL CLASSIFICATION NUMBER
Classification number 370
Item number Hug
100 ## - MAIN ENTRY--PERSONAL NAME
Personal name Hughes &hughes
245 ## - TITLE STATEMENT
Title Education
260 ## - PUBLICATION, DISTRIBUTION, ETC.
Name of publisher, distributor, etc. English language book society
Place of publication, distribution, etc. London
Date of publication, distribution, etc. 1965
300 ## - PHYSICAL DESCRIPTION
Extent 296
546 ## - LANGUAGE NOTE
Language note ENGLISH
650 ## - SUBJECT ADDED ENTRY--TOPICAL TERM
Topical term or geographic name entry element General
942 ## - ADDED ENTRY ELEMENTS (KOHA)
Koha item type BOOK
Holdings
Withdrawn status Lost status Damaged status Not for loan Collection Home library Current library Date acquired Total Checkouts Full call number Barcode Date last seen Price effective from Koha item type
        AFT Fr. Agnel's C.Rodrigues College of Engineering Fr. Agnel's C.Rodrigues College of Engineering 17/03/2023   370 Hug AFT1721 17/03/2023 17/03/2023 BOOK